| 000 | 01042nam2a22002651 4500 | ||
|---|---|---|---|
| 001 | v19\rc\1354729 | ||
| 005 | 20250618080154.0 | ||
| 035 | _a(NLR Aleph) 004498758 | ||
| 090 |
_a4682550 _c4682550 |
||
| 100 | _a20060512d1868 |||y0rusy50 ca | ||
| 101 | 0 | _arus | |
| 102 | _aRU | ||
| 105 | _ay z ||||| | ||
| 200 | 0 |
_aЧетвертое... _e5-го апреля 1868 года |
|
| 210 |
_d1868 _aБ. м. |
||
| 215 | _a[2], 59 с. | ||
| 461 | 0 |
_1001v19\rc\1354725 _12001#$a... Годичное заседание Кавказского медицинского общества...$vЧетвертое... _94682539 _aКавказское мед. о-во (Тифлис) _c[Тифлис _d1865]-1868 _tГодичное заседание Кавказского медицинского общества... _vЧетвертое... |
|
| 801 | 0 |
_aRU _bNLR _gpsbo |
|
| 801 | 0 |
_aRU _bRuMoRGB _2psbo |
|
| 801 | 1 |
_aRU _bProSoft-M _2rusmarc |
|
| 852 |
_aNLR _j18.112.7.79 |
||
| 899 |
_aRuMoRGB _jC 88/27 |
||
| 899 |
_aRuMoRGB _jU 344/60 |
||
| 942 | _cBOOK | ||
| 980 | _aNB | ||